Optimal Control of Continuous Life Insurance Model
Analýza zmiešaného životného poistenia a poistenia v prípade smrti. Poistno-matematická súčasná hodnota životného poistenia zistená riešením systému diferenciálnych rovníc. Preverovanie prípadov konštantných efektívnych úrokových sadzieb a premenných, v závislosti od časového intervalu.
Salvato in:
| Autore principale: | |
|---|---|
| Altri autori: | , , |
| Natura: | Capitolo di libro |
| Lingua: | inglese |
| Soggetti: | |
| Tags: |
Nessun Tag, puoi essere il primo ad aggiungerne!!
|
MARC
| LEADER | 00000nla a2200000 4500 | ||
|---|---|---|---|
| 001 | 0242756 | ||
| 005 | 20220803161956.7 | ||
| 041 | 0 | |a eng | |
| 044 | |a UA | ||
| 245 | 1 | 0 | |a Optimal Control of Continuous Life Insurance Model |c Viktor Oliynyk, Fedir Zhuravka, Tetiana Bolgar, Olha Yevtushenko |
| 520 | |a Analýza zmiešaného životného poistenia a poistenia v prípade smrti. Poistno-matematická súčasná hodnota životného poistenia zistená riešením systému diferenciálnych rovníc. Preverovanie prípadov konštantných efektívnych úrokových sadzieb a premenných, v závislosti od časového intervalu. | ||
| 610 | 2 | 0 | |a poistenie |
| 610 | 2 | 0 | |a poistenie životné |
| 610 | 2 | 0 | |a poistenie životné investičné |
| 610 | 2 | 0 | |a poistka |
| 610 | 2 | 0 | |a hodnota poistná |
| 610 | 2 | 0 | |a kontrola |
| 610 | 2 | 0 | |a analýza ekonometrická |
| 610 | 2 | 0 | |a modely aktuárske |
| 100 | 1 | |a Oliynyk, Viktor | |
| 700 | 1 | |a Zhuravka, Fedir | |
| 700 | 1 | |a Bolgar, Tetiana | |
| 700 | 1 | |a Yevtushenko, Olha | |